平仮名から片仮名まで! - 難しい - Statistics

General Stats
  • This quiz has been taken 58 times
  • The average score is 14 of 15
Answer Stats
Question Answer % Correct
100%
100%
100%
100%
100%
100%
100%
100%
100%
100%
100%
100%
100%
100%
100%
100%
100%
100%
100%
100%
100%
100%
100%
97%
96%
95%
95%
95%
95%
94%
94%
94%
94%
93%
93%
93%
93%
93%
92%
92%
91%
91%
90%
89%
88%
85%
No matching quizzes found
Score Distribution
Percent of People with Each Score
Percentile by Number Answered
Your Score History
You have not taken this quiz